[Event "Litomysl Open"]
[Site "Litomysl CZE"]
[Date "1995.??.??"]
[Round "2"]
[White "Petrienko, Vladimir"]
[Black "Rogovskoy, Alexander"]
[Result "1-0"]
[WhiteElo "2465"]
[BlackElo "2295"]
[PlyCount "79"]
[EventDate "1995.??.??"]
[Source "www.chesslib.no"]
[SourceDate "2004.05.04"]

1. c4 f5 2. Nf3 Nf6 3. d4 e6 4. g3 Be7 5. Bg2 O-O 6. O-O d6 7. b3 a5 8. Nc3 Qe8 9. Bb2 Qh5 10. e3 g5 11. Ne1 Qxd1 12. Rxd1 Na6 13. a3 c6 14. Nd3 d5 15. Na4 Nd7 16. Rc1 Nc7 17. f3 Nf6 18. Ne5 Ra6 19. Rfe1 Bd6 20. Bf1 b5 21. cxb5 cxb5 22. Nc5 Rb6 23. Rc2 Na6 24. Rec1 Nb8 25. Bc3 b4 26. axb4 axb4 27. Bd2 Bxc5 28. dxc5 Rb7 29. c6 Rb6 30. e4 d4 31. Bd3 fxe4 32. fxe4 h6 33. Rc4 Na6 34. Rxd4 Kg7 35. c7 Ne8 36. Nd7 Rd6 37. Rxd6 Nxd6 38. Nxf8 Kxf8 39. Bxa6 Bxa6 40. Bxb4 1-0

[Event "Legion Open"]
[Site "Warsaw POL"]
[Date "1989.??.??"]
[Round "7"]
[White "Adamski, Jan"]
[Black "Weglarz, Leszek"]
[Result "1/2-1/2"]
[WhiteElo "2435"]
[BlackElo "2325"]
[PlyCount "41"]
[EventDate "1989.??.??"]
[Source "www.chesslib.no"]
[SourceDate "2004.05.04"]

1. d4 f5 2. g3 Nf6 3. Bg2 e6 4. Nf3 Be7 5. O-O O-O 6. c4 d6 7. Nc3 Qe8 8. b3 Nc6 9. d5 exd5 10. cxd5 Ne5 11. Nd4 Kh8 12. f4 Neg4 13. Qd3 Qg6 14. Bb2 Bd7 15. h3 Nh6 16. Kh2 Rae8 17. Bf3 Bd8 18. e3 c5 19. dxc6 bxc6 20. Rae1 Ne4 21. Rg1 1/2-1/2

[Event "Leeuwarden Open"]
[Site "Leeuwarden NED"]
[Date "1993.??.??"]
[Round "5"]
[White "Danielsen, Henrik"]
[Black "Rubingh, Otto"]
[Result "1-0"]
[WhiteElo "2445"]
[BlackElo "2315"]
[PlyCount "139"]
[EventDate "1993.08.??"]
[Source "www.chesslib.no"]
[SourceDate "2004.05.04"]

1. Nf3 e6 2. c4 f5 3. b3 Nf6 4. Bb2 Be7 5. g3 O-O 6. Bg2 d6 7. d4 Qe8 8. O-O Qh5 9. Nc3 c6 10. e3 a5 11. Ne1 Qh6 12. Nd3 Na6 13. e4 Nxe4 14. Nxe4 fxe4 15. Bxe4 Bd7 16. Qc2 Nb4 17. Nxb4 axb4 18. Bc1 Qh5 19. Be3 Ra5 20. f4 Rfa8 21. Qd2 d5 22. Bf3 Qf5 23. c5 b6 24. cxb6 Rb5 25. Rac1 Rxb6 26. Be2 Qf6 27. Bd3 Rb7 28. Bf2 Rba7 29. Bb1 Bd6 30. Rfe1 Rc7 31. Bd3 Rca7 32. Rc2 Ra5 33. Rec1 R5a7 34. Be3 Ra3 35. Qg2 Bc7 36. Rd2 R3a7 37. Bb1 Bd6 38. Qh3 g6 39. Qf1 Rc7 40. h4 Kg7 41. Qd3 Bc8 42. Rh2 Ba6 43. Qd1 Rac8 44. h5 Bb5 45. Kg2 Rg8 46. hxg6 hxg6 47. Qg4 Kf8 48. Rh6 Rcg7 49. Re1 Kf7 50. Bf2 Ba6 51. Re3 Bb7 52. Re5 Bxe5 53. fxe5 Qe7 54. Be3 Qf8 55. Bg5 Rh8 56. Rxg6 Rxg6 57. Bxg6+ Kxg6 58. Be7+ Kf7 59. Bxf8 Rxf8 60. Qg5 Bc8 61. Qd2 Ba6 62. Qxb4 Bd3 63. Qd6 Be4+ 64. Kg1 Bf5 65. Qxc6 Kg6 66. a4 Kg5 67. Qc1+ Kh5 68. Qf4 Rc8 69. Qh4+ Kg6 70. g4 1-0

[Event "ECC"]
[Site "Rethymnon"]
[Date "2003.10.04"]
[Round "7"]
[White "Ahlander, Bjorn"]
[Black "Boe Olsen, Mads"]
[Result "1-0"]
[WhiteElo "2393"]
[BlackElo "2366"]
[PlyCount "61"]
[EventDate "2003.09.28"]
[Source "Roberto Alvarez"]
[SourceDate "2003.10.06"]

1. d4 f5 2. Nf3 Nf6 3. g3 e6 4. Bg2 Be7 5. O-O O-O 6. c4 d6 7. Nc3 Qe8 8. b3 Nc6 9. d5 exd5 10. cxd5 Ne5 11. Nd4 Bd7 12. Bb2 Qg6 13. e3 Nh5 14. Nce2 Ng4 15. Nf4 Nxf4 16. exf4 Rae8 17. Qd3 Bd8 18. Rac1 a6 19. Qd2 Nf6 20. Rfe1 Ne4 21. Qc2 Qf7 22. Rcd1 Qg6 23. Re3 Nf6 24. Ne6 Bxe6 25. dxe6 c6 26. Rxd6 Bc7 27. Rd2 Nh5 28. Rd7 Bb6 29. Re2 Rxe6 30. Qc4 Rfe8 31. Rxb7 1-0

[Event "Buenos Aires TB"]
[Site "Buenos Aires"]
[Date "1989.??.??"]
[Round "?"]
[White "Soppe, G."]
[Black "Bianchi, Guillermo"]
[Result "1/2-1/2"]
[WhiteElo "2425"]
[BlackElo "2330"]
[PlyCount "122"]
[EventDate "1989.??.??"]
[Source "www.chesslib.no"]
[SourceDate "2004.05.04"]

1. d4 f5 2. Nf3 e6 3. g3 Be7 4. Bg2 Nf6 5. O-O O-O 6. c4 d6 7. Nc3 Qe8 8. b3 Qh5 9. e3 c6 10. Ba3 Rf7 11. Ne1 Qh6 12. Nd3 g5 13. f3 Bf8 14. e4 e5 15. dxe5 dxe5 16. Bxf8 Qxf8 17. exf5 Bxf5 18. Qe2 Nbd7 19. Qe3 Rg7 20. Rad1 a6 21. Nf2 Qc5 22. Qxc5 Nxc5 23. Rfe1 Re7 24. b4 Ncd7 25. Nfe4 Nxe4 26. Nxe4 Bxe4 27. Rxe4 c5 28. bxc5 Nxc5 29. Re3 Rae8 30. Rd5 Na4 31. Rb3 Rc8 32. Bf1 Kf8 33. Re3 Rce8 34. Rb3 Rc8 35. Re3 Rce8 36. Kf2 Nb6 37. Rd6 Nc8 38. Rd2 Na7 39. Rb3 e4 40. fxe4 Rf7+ 41. Kg1 Rxe4 42. Rf2 Ree7 43. Rxf7+ Kxf7 44. Bg2 Nc6 45. Bd5+ Kg7 46. Kf2 Na5 47. Ra3 b6 48. Ra4 Re5 49. Bf3 Rc5 50. Be2 Kf6 51. Rb4 Rc6 52. Ra4 Ke5 53. Ke3 Re6 54. Bf3 Kd6+ 55. Kd4 Nc6+ 56. Bxc6 Kxc6 57. Rxa6 Rd6+ 58. Ke5 Rh6 59. Kf5 Rxh2 60. Kxg5 Kc5 61. g4 h6+ 1/2-1/2

[Event "Balatonbereny op"]
[Site "Balatonbereny"]
[Date "1996.??.??"]
[Round "8"]
[White "Peter, Ambrus"]
[Black "Dobos, Jozsef"]
[Result "0-1"]
[WhiteElo "2415"]
[BlackElo "2340"]
[PlyCount "100"]
[EventDate "1996.06.13"]
[Source "www.chesslib.no"]
[SourceDate "2004.05.04"]

1. d4 e6 2. Nf3 f5 3. g3 Nf6 4. Bg2 Be7 5. O-O O-O 6. c4 d6 7. Nc3 a5 8. b3 Qe8 9. Bb2 Qh5 10. Qd3 Nc6 11. Nb5 Bd8 12. a3 Ne7 13. Nd2 Ng6 14. f4 d5 15. Qf3 Qh6 16. b4 c6 17. Nc3 Nh8 18. b5 Nf7 19. Rfc1 g5 20. e3 Ne4 21. Rc2 Nfd6 22. Ncxe4 fxe4 23. Qe2 Bd7 24. a4 gxf4 25. gxf4 Nf5 26. Nf1 Bh4 27. Bc3 Kh8 28. Be1 Bf6 29. Rb1 Rg8 30. Ng3 Nh4 31. Qh5 Qxh5 32. Nxh5 Nf3+ 33. Kh1 Nxe1 34. Rxe1 Bh4 35. Ng3 Bxg3 36. hxg3 Rxg3 37. Kh2 Rg6 38. Ree2 Rag8 39. Kg1 dxc4 40. bxc6 Bxc6 41. Rxc4 Bd5 42. Rc5 Bb3 43. Kh2 b6 44. Rg5 Rxg5 45. fxg5 Bxa4 46. Bxe4 Rxg5 47. Rb2 Rb5 48. Rg2 Bb3 49. Rf2 a4 50. Rf7 a3 0-1

[Event "GEORGIA R4T7 VIC"]
[Site "?"]
[Date "1993.??.??"]
[Round "?"]
[White "EFIMOV"]
[Black "RAURELL J"]
[Result "1-0"]
[WhiteElo "2490"]
[BlackElo "2260"]
[PlyCount "81"]
[EventDate "1993.??.??"]
[Source "www.chesslib.no"]
[SourceDate "2004.05.04"]

1. Nf3 f5 2. g3 Nf6 3. Bg2 d6 4. d4 e6 5. O-O Be7 6. b3 O-O 7. Bb2 Qe8 8. c4 Qh5 9. Nc3 a5 10. Rc1 Na6 11. Nd2 e5 12. dxe5 dxe5 13. Nd5 Bd6 14. e4 Qxd1 15. Rfxd1 Nc5 16. Ba3 Nxd5 17. cxd5 b6 18. exf5 Bxf5 19. Rc3 Rae8 20. Nc4 e4 21. Nxd6 cxd6 22. b4 axb4 23. Bxb4 Bg4 24. Rb1 Re5 25. Ra3 Bf5 26. Rd1 Bg4 27. Rd2 Rfe8 28. Re3 Bh5 29. Bc3 R5e7 30. Rd4 Bf7 31. Rb4 Bxd5 32. Rxb6 Bxa2 33. Rxd6 Bf7 34. h4 Bg6 35. h5 Bf7 36. g4 h6 37. Bf1 Nb7 38. Rd4 Nd8 39. Bb5 Rf8 40. Bb4 Ree8 41. Bxe8 1-0

[Event "Moscow Ch Open"]
[Site "Moscow RUS"]
[Date "1995.??.??"]
[Round "3"]
[White "Shipov, Sergei"]
[Black "Zhurina, Elizaveta"]
[Result "1-0"]
[WhiteElo "2510"]
[BlackElo "2240"]
[PlyCount "59"]
[EventDate "1995.??.??"]
[Source "www.chesslib.no"]
[SourceDate "2004.05.04"]

1. d4 f5 2. c4 Nf6 3. g3 e6 4. Bg2 Be7 5. Nf3 O-O 6. O-O d6 7. Nc3 Qe8 8. b3 a5 9. Bb2 Na6 10. Re1 Qh5 11. e4 fxe4 12. Nxe4 Nxe4 13. Rxe4 Bf6 14. Re3 Qf7 15. Bc3 Nb4 16. Qd2 Bd7 17. Rae1 Nc6 18. d5 exd5 19. cxd5 Nb4 20. Bxf6 Qxf6 21. Nd4 Bg4 22. h3 Bf5 23. f4 b6 24. a3 Na6 25. b4 axb4 26. axb4 Bd7 27. Ne6 Rfe8 28. g4 Bb5 29. g5 Qf7 30. Qc3 1-0

[Event "RUS-Cup"]
[Site "Krasnodar"]
[Date "1998.??.??"]
[Round "1"]
[White "Khagurov, N."]
[Black "Poluljahov, Aleksandr"]
[Result "1-0"]
[WhiteElo "2245"]
[BlackElo "2505"]
[PlyCount "65"]
[EventDate "1998.??.??"]
[Source "www.chesslib.no"]
[SourceDate "2004.05.04"]

1. d4 f5 2. g3 Nf6 3. Bg2 e6 4. Nf3 Be7 5. c4 O-O 6. O-O d6 7. Nc3 a5 8. b3 Qe8 9. Bb2 Na6 10. e3 c6 11. Re1 Rb8 12. a4 Ne4 13. Nd2 Nxc3 14. Bxc3 Nb4 15. e4 f4 16. Nf3 Qh5 17. h3 fxg3 18. fxg3 Bd7 19. Bxb4 axb4 20. Kh2 Rf7 21. Rf1 Qa5 22. Qd2 Rbf8 23. Qe3 e5 24. dxe5 dxe5 25. Rad1 Bc8 26. Ng5 Rxf1 27. Rxf1 Rxf1 28. Bxf1 Qd8 29. Nf3 Qd1 30. Be2 Qa1 31. Qd2 h6 32. Nh4 Bf5 33. Nxf5 1-0

[Event "WYCC 2004 - B16"]
[Site "Creta"]
[Date "2004.11.11"]
[Round "9.8"]
[White "Bosiocic, Marin"]
[Black "Amin, Bassem"]
[Result "0-1"]
[WhiteElo "2313"]
[BlackElo "2434"]
[PlyCount "50"]
[EventDate "2004.11.04"]
[Source "Roberto Alvarez"]
[SourceDate "2004.11.15"]

1. Nf3 e6 2. c4 f5 3. g3 Nf6 4. Bg2 Be7 5. O-O O-O 6. d4 d6 7. Nc3 Qe8 8. b3 Nbd7 9. Bb2 Ne4 10. e3 c6 11. Ne1 Nxc3 12. Bxc3 e5 13. d5 c5 14. e4 f4 15. Bh3 Nf6 16. Bxc8 Rxc8 17. Qc2 Qg6 18. Bb2 Nxe4 19. Qd3 fxg3 20. hxg3 Rf7 21. Ng2 Rcf8 22. Rae1 Nxf2 23. Qxg6 hxg6 24. Ne3 Bg5 25. Nc2 Nd3 0-1